000 00717nam a2200277Ia 4500
005 20260324131657.0
008 008 260324s9999 xx 000 0 eng d
020 _a9781843926382
037 _aEBOOK
040 _aCRL
040 _beng
040 _cCRL
041 _2eng
041 _aeng
084 _qCRL
100 _aRobin Moore; Emily Gray; Simon Merrington; Emily Taylor; Colin Roberts
_91186407
245 0 _aManaging Persistent and Serious Offenders in the Community
260 _bTaylor and Francis
260 _c2006
365 _a
365 _b195
856 _uhttp://www.taylorfrancis.com/books/9781843926382
942 _cEBOOK
999 _c1783805
_d1783805